| 000 | 00344nam a22001337a 4500 | ||
|---|---|---|---|
| 005 | 20250901165808.0 | ||
| 008 | 250320b |||||||| |||| 00| 0 eng d | ||
| 020 | _a9789966364471 | ||
| 050 | _aPL 8704 .A74 2009 | ||
| 245 |
_aKijiba cha Moyo _cTimothy M. Arege |
||
| 260 |
_aNairobi: _bLonghorn, _c2009. |
||
| 300 |
_a100 p.: _c18 cm. |
||
| 942 | _2lcc | ||
| 999 |
_c9331 _d9331 |
||